Central Library OPAC University of Rajshahi

Science and the sociology of knowledge / (Record no. 33795)

MARC details
000 -LEADER
fixed length control field 00837nam a2200265 i 4500
001 - CONTROL NUMBER
control field 33795
003 - CONTROL NUMBER IDENTIFIER
rucl marc code BD-RjUL
005 - DATE AND TIME OF LATEST TRANSACTION
control field 20211209052048.0
008 - FIXED-LENGTH DATA ELEMENTS--GENERAL INFORMATION
fixed length control field 161212s1979 enka b 001 0 eng
020 ## - INTERNATIONAL STANDARD BOOK NUMBER
International Standard Book Number 0043010938 :
International Standard Book Number 0043010946 (pbk.)
035 ## - SYSTEM CONTROL NUMBER
System control number (BD-RjUL)33886
040 ## - CATALOGING SOURCE
Original cataloging agency DLC
Transcribing agency DLC
Modifying agency DLC
-- BD-RjUL
Language of cataloging eng
041 ## - LANGUAGE CODE
Language code of text/sound track or separate title eng
082 00 - DEWEY DECIMAL CLASSIFICATION NUMBER
Classification number 301.243
Author mark and year MUS 1983
Edition number 23
100 1# - MAIN ENTRY--PERSONAL NAME
Personal name Mulkay, M. J.
Fuller form of name (Michael Joseph),
Dates associated with a name 1936-
9 (RLIN) 102628
245 10 - TITLE STATEMENT
Title Science and the sociology of knowledge /
Statement of responsibility, etc. Michael Mulkay.
260 ## - PUBLICATION, DISTRIBUTION, ETC. (IMPRINT)
Place of publication, distribution, etc. London ;
-- Boston :
Name of publisher, distributor, etc. G. Allen & Unwin,
Date of publication, distribution, etc. c1979 [Reprinted 1983].
300 ## - PHYSICAL DESCRIPTION
Pagination 132 p. :
Illustrations ill. ;
Size 22 cm.
490 0# - SERIES STATEMENT
Series statement Controversies in sociology ; 8
504 ## - BIBLIOGRAPHY, ETC. NOTE
Bibliography, etc Bibliography: p. [123]-129 & Includes index.
650 #0 - SUBJECT ADDED ENTRY--TOPICAL TERM
Topical term or geographic name as entry element Science
General subdivision Social aspects.
9 (RLIN) 102629
942 ## - ADDED ENTRY ELEMENTS (KOHA)
Source of classification or shelving scheme Dewey Decimal Classification
Koha item type Books
Holdings
Lost status Source of classification or shelving scheme Damaged status Not for loan Collection code Permanent Location Current Location Shelving location Date acquired Source of acquisition Cost, normal purchase price Total Checkouts Full call number Date last seen Copy number Koha item type
  Dewey Decimal Classification     Non-fiction Central Library, University of Rajshahi Central Library, University of Rajshahi   22/01/1986 Tappan and Tuplin cor. 8.65   301.243 MUS 1983 11/05/2014 C-2 Books
  Dewey Decimal Classification   Not For Loan Non-fiction Central Library, University of Rajshahi Central Library, University of Rajshahi Reading Room 22/01/1986 Tappan 8.65   301.243 MUS 1983 11/05/2014 C-1 Books